[Event "Chigorin Memorial 27th"]
[Site "St Petersburg"]
[Date "2019.10.10"]
[Round "6"]
[White "Kiselev, Viktor"]
[Black "Pello, Sofia Dm"]
[Result "1-0"]
[WhiteElo "1773"]
[BlackElo "1283"]
[PlyCount "57"]
[EventDate "2019.10.05"]
[EventType "swiss"]
[EventRounds "9"]
[EventCountry "RUS"]
[SourceTitle "EXT 2020"]
[Source "ChessBase"]
[SourceDate "2019.10.17"]
[SourceVersion "1"]
[SourceVersionDate "2019.10.17"]
[SourceQuality "1"]

1. e4 e5 2. Nf3 Nc6 3. Bb5 f5 4. Bxc6 dxc6 5. Nxe5 fxe4 6. Qh5+ g6 7. Nxg6 Nf6 8. Qe5+ Be7 9. Nxh8 Kf8 10. d4 Bd6 11. Qg5 Be7 12. c3 Ng8 13. Qg3 Bd6 14. Bf4 Be7 15. Be5 Bf6 16. Bxc7 Qe8 17. Bd6+ Be7 18. Qf4+ Nf6 19. Be5 Qd8 20. Qg5 Bg4 21. Bxf6 Bxf6 22. Qxg4 Bxh8 23. 0-0 Qe7 24. Nd2 Re8 25. Rae1 Qf7 26. Rxe4 Rxe4 27. Qxe4 a6 28. Qf3 Qxf3 29. Nxf3 1-0

[Event "Chigorin Memorial 27th"]
[Site "St Petersburg"]
[Date "2019.10.07"]
[Round "3"]
[White "Pello, Sofia Dm"]
[Black "Lakshyesh, Mohan Gupta"]
[Result "0-1"]
[WhiteElo "1283"]
[BlackElo "1635"]
[PlyCount "62"]
[EventDate "2019.10.05"]
[EventType "swiss"]
[EventRounds "9"]
[EventCountry "RUS"]
[SourceTitle "EXT 2020"]
[Source "ChessBase"]
[SourceDate "2019.10.17"]
[SourceVersion "1"]
[SourceVersionDate "2019.10.17"]
[SourceQuality "1"]

1. e4 d5 2. Nc3 d4 3. Nd5 e5 4. Bc4 c6 5. Qf3 cxd5 6. Bxd5 Nf6 7. Bb3 Nc6 8. d3 Bb4+ 9. Kf1 h5 10. h3 Be6 11. Bxe6 fxe6 12. a3 Be7 13. Ne2 0-0 14. Qg3 Nxe4 15. dxe4 Bh4 16. Qg6 Rxf2+ 17. Kg1 Rxe2 18. Bh6 Qf6 19. Qxf6 gxf6 20. Rf1 Kh7 21. Bc1 Rg8 22. Kh2 Bg3+ 23. Kg1 Bf4 24. Rf2 Re1+ 25. Rf1 Rxc1 26. Rxc1 Bxc1 27. Kf1 Be3 28. h4 Rg4 29. Rh3 Rf4+ 30. Rf3 Rxf3+ 31. gxf3 f5 0-1